|
|
|
|
| LEADER |
00000nta a2200000 i 4500 |
| 001 |
dolg34135 |
| 005 |
20210715062539.0 |
| 008 |
210715suuuu hu om 000 hun d |
| 040 |
|
|
|a BGE Dolgozattár Repozitórium
|b hun
|
| 041 |
|
|
|a hu
|
| 100 |
1 |
|
|a Zohány Márta Csilla
|
| 245 |
1 |
0 |
|a Megszüntethető-e Magyarország energiafüggősége?
|c Zohány Márta Csilla
|h [elektronikus dokumentum]
|
| 695 |
|
|
|a Energiabiztonság
|
| 695 |
|
|
|a Energiapolitika
|
| 700 |
1 |
|
|a Nincs adat Nincs adat
|e ths
|
| 856 |
4 |
0 |
|u http://dolgozattar.uni-bge.hu/34135/1/D_16267_GN4FEP%20-%20Zoh%C3%A1ny%20M%C3%A1rta%20Csilla.pdf
|z Dokumentum-elérés
|